[Event "Fremont Weibel Qualifier"]
[Site "Fremont"]
[Date "2001.01.27"]
[Round "2"]
[White "Jeng, Ning"]
[Black "Roy, Ankita"]
[Result "0-1"]
[WhiteElo "643"]
[BlackElo "690"]
[PlyCount "30"]
[EventDate "2001.01.27"]
[EventType "swiss"]
[EventRounds "5"]
[EventCountry "USA"]
[SourceTitle "EXT 2009"]
[Source "ChessBase"]
[SourceDate "2008.11.26"]
[SourceVersion "1"]
[SourceVersionDate "2008.11.26"]
[SourceQuality "1"]

1. e4 e5 2. Nf3 Nc6 3. Bc4 Bc5 4. Nc3 Nf6 5. 0-0 0-0 6. d3 h6 7. h3 d6 8. Na4 Re8 9. Nxc5 dxc5 10. Bb5 Bd7 11. a3 Nh5 12. b4 Qf6 13. c3 Qg6 14. bxc5 Bxh3 15. d4 Qxg2# 0-1